Представление документа в формате MARC21

Поле Инд. ПП Название Значение
Тип записи a
Библиографический уровень m
001 Контрольный номер RU/IS/BASE/123338459
005 Дата корректировки 20250630110903.4
008 Кодируемые данные 20031128
022 0_ a ISSN 0130-7673
041 0_ a Код языка текста rus
084 a Индекс другой классификации/Индекс ББК 84(2=411.2)6; 83.3(2=411.2)6; 63.3(2)6
090 a Полочн. индекс 95.2
097 00 a 110
245 00 a Заглавие Новый мир
b Продолж. заглавия ежемесячный журнал художественной литературы и общественной мысли
c Ответственность учредители: редакция журнала "Новый мир", АО "Банк "Санкт-Петербург"; главный редактор С. П. Залыгин
n Номер части/ раздела №1/1995
260 00 a Место издания Москва
b Издательство Новый мир
c Дата издания 1995
300 a Объем 256 с.
500 a Примечание Журнал
505 0_ a Форматированное содержание "... сумею преодолеть все препятствия...". Письма Н. М. Виноградовой-Малышевой
b Автор Виноградов В. В.
505 0_ a Форматированное содержание "Арион". Журнал поэзии. №1,2
b Автор Кублановский Ю. М.
505 0_ a Форматированное содержание "Новому миру" - 70 лет
505 0_ a Форматированное содержание "Ной". Армяно-еврейский вестник. №1-8
b Автор Андрюшкин А.
505 0_ a Форматированное содержание "Твое пророческое слово..."
b Автор Сурат И. З.
505 0_ a Форматированное содержание Белая эмиграция против национал-большевизма
505 0_ a Форматированное содержание В русском жанре
b Автор Боровиков С. Г.
505 0_ a Форматированное содержание В форме яблока, стихи
b Автор Алехин А. Д.
505 0_ a Форматированное содержание Великий поход за освобождение Индии. Революционная хроника
b Автор Залотуха В. А.
505 0_ a Форматированное содержание Воспитание исторического чувства
b Автор Немзер А. С.
505 0_ a Форматированное содержание Дульные тормоза
b Автор Костров М. Л.
505 0_ a Форматированное содержание И улыбнулся ей ангел, стихи
b Автор Шарапова А.
505 0_ a Форматированное содержание Из летописи "Нового мира". 1985-1994
505 0_ a Форматированное содержание М. М. Бахтин серьезный и "несерьезный"
b Автор Кузнецов А.
505 0_ a Форматированное содержание Памяти А. С. Берзер
505 0_ a Форматированное содержание Памятник Колышко-Серенькому
b Автор Басинский П. В.
505 0_ a Форматированное содержание Пафос границы
b Автор Басинский П. В.
505 0_ a Форматированное содержание Письмо в редакцию
b Автор Меттке Й. Р.
505 0_ a Форматированное содержание Простые песни, стихи
b Автор Котляр Э. П.
600 14 a Персоналии Бахтин Михаил Михайлович
a Персоналии Берзер Анна Самойловна
a Персоналии Колышко Иосиф Иосифович
a Персоналии Эйдельман Натан Яковлевич
650 04 a Основная рубрика художественная литература; литературоведение;
653 0_ a Ключевые слова "Арион"
a Ключевые слова "Диалог. Карнавал. Хронотоп"
a Ключевые слова "Из потаенной истории России XVIII - XIX веков"
a Ключевые слова "Ной"
a Ключевые слова "Разговоры с Бахтиным"
a Ключевые слова "Русские писатели 1800-1917"
a Ключевые слова XX век
a Ключевые слова история
a Ключевые слова культура
a Ключевые слова новейшее время
a Ключевые слова памятные даты
a Ключевые слова Россия
a Ключевые слова советский период
700 12 a Автор Залыгин С. П.
e Роль лиц редактор
q Полное имя Залыгин Сергей Павлович
700 12 a Автор Шарапова А.
q Полное имя Шарапова Алла
700 12 a Автор Залотуха В. А.
q Полное имя Залотуха Валерий Александрович
700 12 a Автор Алехин А. Д.
q Полное имя Алехин Алексей Давидович
700 12 a Автор Костров М. Л.
q Полное имя Костров Марк Леонидович
700 12 a Автор Котляр Э. П.
q Полное имя Котляр Эльмира Петровна
700 12 a Автор Каграманов Ю. М.
q Полное имя Каграманов Юрий Михайлович
700 12 a Автор Виноградов В. В.
q Полное имя Виноградов Виктор Владимирович
700 12 a Автор Боровиков С. Г.
q Полное имя Боровиков Сергей Григорьевич
700 12 a Автор Басинский П. В.
q Полное имя Басинский Павел Валерьевич
700 12 a Автор Кузнецов А. В.
q Полное имя Кузнецов Анатолий Васильевич
700 12 a Автор Немзер А. С.
q Полное имя Немзер Андрей Семенович
700 12 a Автор Сурат И. З.
q Полное имя Сурат Ирина Захаровна
700 12 a Автор Меттке Й. Р.
q Полное имя Меттке Йорг Р.
700 12 a Автор Кублановский Ю. М.
q Полное имя Кублановский Юрий Михайлович
700 12 a Автор Андрюшкин А.
700 12 a Автор Золотова Г. А.
e Роль лиц составитель
700 12 a Автор Мальцева В. М.
e Роль лиц составитель
700 12 a Автор Чудаков А. П.
e Роль лиц автор вступительной статьи; автор комментариев
773 18 w Контрольный № источника RU/IS/BASE/410012541
901 t Тип документа s
952 a Тип литературы для КСУ ВШ ЛХЖ